[Event "Cienfuegos Province-ch final"]
[Site "Cienfuegos"]
[Date "2018.10.17"]
[Round "3"]
[White "Granda, Einar"]
[Black "Tanda Pretel, Rafael Antonio"]
[Result "1-0"]
[WhiteElo "1967"]
[BlackElo "1774"]
[PlyCount "107"]
[EventDate "2018.10.15"]
[EventType "tourn"]
[EventRounds "9"]
[EventCountry "CUB"]
[SourceTitle "EXT 2021"]
[Source "ChessBase"]
[SourceDate "2020.10.23"]
[SourceVersion "1"]
[SourceVersionDate "2020.10.23"]
[SourceQuality "1"]

1. e4 e6 2. d4 d5 3. e5 c5 4. c3 Nc6 5. Nf3 Qb6 6. Bd3 Bd7 7. dxc5 Bxc5 8. 0-0 a5 9. Nbd2 Qc7 10. Nb3 Bb6 11. Bf4 Nge7 12. Qe2 Ng6 13. Bg3 a4 14. Nbd4 Nxd4 15. cxd4 Qd8 16. Rac1 Qe7 17. a3 Bc6 18. Bb5 Qd7 19. Bxc6 bxc6 20. Qc2 Ne7 21. Rfd1 0-0 22. Bh4 Rfc8 23. Bxe7 Qxe7 24. h4 c5 25. h5 h6 26. Qe2 c4 27. g4 Rcb8 28. Kh2 Kh8 29. Rg1 Rg8 30. Qe3 f6 31. Nh4 Qf7 32. Ng6+ Kh7 33. f4 f5 34. g5 Bd8 35. gxh6 gxh6 36. Rg2 Rb8 37. Rcg1 Rb3 38. Qd2 Qb7 39. Qf2 Qf7 40. Rg3 Rxg3 41. Rxg3 Bb6 42. Rg1 Qa7 43. Qg3 Qf7 44. Qe3 Ba7 45. Rg2 Rb8 46. Qc3 Rb5 47. Qd2 Bb6 48. Qf2 Rb3 49. Qh4 Rd3 50. Qf6 Qxf6 51. exf6 Bxd4 52. Nf8+ Kh8 53. f7 Bg7 54. Nxe6 1-0

[Event "Universidad de Cienfuegos-D 10th"]
[Site "Cienfuegos"]
[Date "2018.02.23"]
[Round "8"]
[White "Granda, Einar"]
[Black "Cabrera Gonzalez, Maximo Ariel"]
[Result "1-0"]
[WhiteElo "1979"]
[BlackElo "1919"]
[PlyCount "85"]
[EventDate "2018.02.20"]
[EventType "tourn"]
[EventRounds "14"]
[EventCountry "CUB"]
[SourceTitle "EXT 2021"]
[Source "ChessBase"]
[SourceDate "2020.10.23"]
[SourceVersion "1"]
[SourceVersionDate "2020.10.23"]
[SourceQuality "1"]

1. e4 e5 2. Nf3 Nc6 3. d4 exd4 4. c3 d3 5. Bxd3 d6 6. h3 Nf6 7. c4 Be6 8. Nc3 Ne5 9. Nd4 Nxd3+ 10. Qxd3 g6 11. Bg5 Bg7 12. f4 h6 13. Bh4 g5 14. fxg5 Nh5 15. Nxe6 fxe6 16. Qd2 Be5 17. 0-0 Rg8 18. Qe2 Nf4 19. Qg4 h5 20. Qf3 Qe7 21. Ne2 Nxe2+ 22. Qxe2 0-0-0 23. Qf2 Qg7 24. Rad1 Kb8 25. Qf7 Bxb2 26. Qxg7 Bxg7 27. Rf7 Rdf8 28. Rdf1 Rxf7 29. Rxf7 b6 30. Bf2 Be5 31. h4 Bg7 32. Re7 e5 33. g4 hxg4 34. Kg2 Bh8 35. Rf7 Kb7 36. Kg3 a6 37. Kxg4 b5 38. c5 dxc5 39. Bxc5 Rd8 40. g6 Kc6 41. Be3 Rd3 42. Bg5 Ra3 43. Rh7 1-0

[Event "Universidad de Cienfuegos-D 10th"]
[Site "Cienfuegos"]
[Date "2018.02.21"]
[Round "4"]
[White "Granda, Einar"]
[Black "Gonzalez Garay, Carlos"]
[Result "1-0"]
[WhiteElo "1979"]
[BlackElo "1846"]
[PlyCount "85"]
[EventDate "2018.02.20"]
[EventType "tourn"]
[EventRounds "14"]
[EventCountry "CUB"]
[SourceTitle "EXT 2021"]
[Source "ChessBase"]
[SourceDate "2020.10.23"]
[SourceVersion "1"]
[SourceVersionDate "2020.10.23"]
[SourceQuality "1"]

1. e4 c5 2. c3 e6 3. d4 cxd4 4. cxd4 d5 5. e5 g6 6. Nf3 Bg7 7. Be2 Ne7 8. b3 Nbc6 9. Bb2 Bd7 10. 0-0 0-0 11. Na3 a6 12. Nc2 Nf5 13. Ne3 Nce7 14. g4 Nh6 15. g5 Nhf5 16. Ng4 Kh8 17. Qd2 Rc8 18. h4 Qb6 19. Ba3 Rfd8 20. Rac1 Ng8 21. Bc5 Rxc5 22. Rxc5 Bf8 23. Rc2 Ba3 24. Kg2 Nge7 25. Qf4 Bb5 26. Bxb5 axb5 27. Rh1 Kg7 28. h5 Rh8 29. Nf6 gxh5 30. Rxh5 Ng6 31. Qh2 h6 32. gxh6+ Nxh6 33. Rxh6 Rxh6 34. Ne8+ Kf8 35. Qxh6+ Kxe8 36. Rc8+ Kd7 37. Ra8 Be7 38. Qg7 Nh4+ 39. Nxh4 Qxd4 40. Nf3 Qf4 41. Qg8 Kc7 42. Qe8 Bg5 43. Qb8+ 1-0